[Event "SCCA Bulletin jub21 corr"]
[Site "Scotland"]
[Date "2001.06.01"]
[Round "?"]
[White "Beecham, C Richard"]
[Black "Greiner, Theodore J"]
[Result "1-0"]
[WhiteElo "2246"]
[BlackElo "2271"]
[PlyCount "73"]
[EventDate "2001.??.??"]
[EventType "tourn (corr)"]
[EventRounds "13"]
[EventCountry "SCO"]
[SourceTitle "Corr 2002"]
[Source "ChessBase"]
[SourceDate "2002.05.23"]
[SourceVersion "1"]
[SourceVersionDate "2002.05.23"]
[SourceQuality "1"]

1. d4 Nf6 2. Bg5 Ne4 3. Bf4 c5 4. f3 Qa5+ 5. c3 Nf6 6. d5 Qb6 7. b3 e6 8. e4 Bd6 9. Bg5 Be7 10. Na3 exd5 11. e5 Qe6 12. Qe2 Ng8 13. Bxe7 Nxe7 14. Nb5 Kd8 15. f4 f6 16. Nf3 Nbc6 17. Qe3 b6 18. Bd3 Ba6 19. a4 g5 20. fxg5 fxe5 21. 0-0 Ng6 22. Bxg6 hxg6 23. Rae1 Re8 24. Nh4 d4 25. Qe4 Qxb3 26. Qxg6 Bxb5 27. axb5 Qxb5 28. Nf5 Qb3 29. cxd4 Qd5 30. dxc5 Qxc5+ 31. Kh1 Kc7 32. Rc1 Re6 33. Qh7 Qb4 34. Ne3 Qb3 35. Rc3 Qa2 36. Qf7 Qe2 37. g6 1-0

[Event "SCCA Bulletin jub21 corr"]
[Site "Scotland"]
[Date "2001.06.01"]
[Round "?"]
[White "Sprott, George R"]
[Black "Greiner, Theodore J"]
[Result "1/2-1/2"]
[WhiteElo "2379"]
[BlackElo "2271"]
[PlyCount "95"]
[EventDate "2001.??.??"]
[EventType "tourn (corr)"]
[EventRounds "13"]
[EventCountry "SCO"]
[SourceTitle "Corr 2002"]
[Source "ChessBase"]
[SourceDate "2002.05.23"]
[SourceVersion "1"]
[SourceVersionDate "2002.05.23"]
[SourceQuality "1"]

1. d4 Nf6 2. Nf3 g6 3. Bg5 Bg7 4. Nbd2 0-0 5. c3 d5 6. e3 Nbd7 7. b4 c6 8. Be2 Re8 9. 0-0 e5 10. a4 h6 11. Bh4 a5 12. b5 c5 13. dxe5 Nxe5 14. Nxe5 Rxe5 15. Rc1 b6 16. Bf3 Bb7 17. c4 g5 18. Bg3 Re7 19. Re1 Rc8 20. cxd5 Bxd5 21. Bxd5 Qxd5 22. Nc4 Re6 23. f3 Qa8 24. e4 Nh5 25. Bf2 Rd8 26. Qc2 Bd4 27. Rcd1 Qc8 28. Ne3 Qb8 29. Nf5 Be5 30. Rxd8+ Qxd8 31. Rd1 Qb8 32. h3 Ng7 33. Ne3 Ne8 34. Nc4 Bf4 35. Be3 Bh2+ 36. Kh1 Bg3 37. Bc1 Be5 38. Nxe5 Qxe5 39. Bb2 Qc7 40. Qc3 f6 41. Qc4 Qe7 42. Rd5 Nd6 43. Qd3 Kg7 44. Bc3 Nf7 45. Kg1 Rd6 46. Kf2 Qe6 47. Bb2 Qe7 48. Bc3 1/2-1/2

[Event "SCCA Bulletin jub21 corr"]
[Site "Scotland"]
[Date "2001.??.??"]
[Round "?"]
[White "Greiner, Theodore J"]
[Black "Campbell, J Franklin"]
[Result "1/2-1/2"]
[WhiteElo "2271"]
[BlackElo "2204"]
[PlyCount "67"]
[EventDate "2001.??.??"]
[EventType "tourn (corr)"]
[EventRounds "13"]
[EventCountry "SCO"]
[SourceTitle "Corr 2002"]
[Source "ChessBase"]
[SourceDate "2002.05.23"]
[SourceVersion "1"]
[SourceVersionDate "2002.05.23"]
[SourceQuality "1"]

1. e4 c5 2. Nf3 d6 3. Bb5+ Bd7 4. Bxd7+ Qxd7 5. c4 Nc6 6. Nc3 g6 7. d4 Bg7 8. d5 Bxc3+ 9. bxc3 Na5 10. Nd2 f6 11. f4 Nh6 12. 0-0 Nf7 13. a4 0-0-0 14. Rb1 g5 15. fxg5 Nxg5 16. Rb5 b6 17. Qe2 Rdg8 18. Nb3 Nxb3 19. Rxb3 Qxa4 20. Ra3 Qd7 21. Ra6 Kb8 22. Bd2 Rg7 23. Rfa1 Rhg8 24. g3 e5 25. Rxa7 Qxa7 26. Rxa7 Rxa7 27. h4 Nf7 28. Qf3 Ra2 29. Be1 Ra1 30. Kf1 Rg6 31. Ke2 Ra2+ 32. Bd2 Ra7 33. Be3 Rc7 34. g4 1/2-1/2

[Event "SCCA Bulletin jub21 corr"]
[Site "Scotland"]
[Date "2001.??.??"]
[Round "?"]
[White "Greiner, Theodore J"]
[Black "Fordham Hall, Christopher M"]
[Result "1/2-1/2"]
[WhiteElo "2271"]
[BlackElo "2299"]
[PlyCount "29"]
[EventDate "2001.??.??"]
[EventType "tourn (corr)"]
[EventRounds "13"]
[EventCountry "SCO"]
[SourceTitle "Corr 2002"]
[Source "ChessBase"]
[SourceDate "2002.05.23"]
[SourceVersion "1"]
[SourceVersionDate "2002.05.23"]
[SourceQuality "1"]

1. e4 c5 2. Nf3 d6 3. Bb5+ Bd7 4. Bxd7+ Qxd7 5. c4 Nc6 6. Nc3 g6 7. d4 cxd4 8. Nxd4 h6 9. Be3 Ne5 10. Qe2 Qc8 11. b3 Ng4 12. Rd1 Nxe3 13. Qxe3 Bg7 14. 0-0 Nf6 15. Nde2 1/2-1/2

[Event "SCCA Bulletin jub21 corr"]
[Site "Scotland"]
[Date "2001.??.??"]
[Round "?"]
[White "Greiner, Theodore J"]
[Black "Pyrich, George D"]
[Result "1/2-1/2"]
[WhiteElo "2271"]
[BlackElo "2397"]
[PlyCount "50"]
[EventDate "2001.??.??"]
[EventType "tourn (corr)"]
[EventRounds "13"]
[EventCountry "SCO"]
[SourceTitle "Corr 2002"]
[Source "ChessBase"]
[SourceDate "2002.05.23"]
[SourceVersion "1"]
[SourceVersionDate "2002.05.23"]
[SourceQuality "1"]

1. e4 c5 2. Nf3 e6 3. d3 Nc6 4. g3 d5 5. Nbd2 Bd6 6. Bg2 Nge7 7. 0-0 0-0 8. Re1 f6 9. c3 Bd7 10. a3 Qc7 11. Qe2 b5 12. d4 c4 13. exd5 exd5 14. Nf1 Bg4 15. Ne3 Bh5 16. Qf1 Bf7 17. Nh4 Na5 18. Nef5 Nxf5 19. Nxf5 Nb3 20. Rb1 Rfe8 21. Nxd6 Rxe1 22. Qxe1 Qxd6 23. Qe2 Re8 24. Be3 Bg6 25. Re1 Be4 1/2-1/2

[Event "SCCA Bulletin jub21 corr"]
[Site "Scotland"]
[Date "2001.??.??"]
[Round "?"]
[White "Marconi, Ralph P"]
[Black "Greiner, Theodore J"]
[Result "0-1"]
[WhiteElo "2152"]
[BlackElo "2271"]
[PlyCount "84"]
[EventDate "2001.??.??"]
[EventType "tourn (corr)"]
[EventRounds "13"]
[EventCountry "SCO"]
[SourceTitle "Corr 2002"]
[Source "ChessBase"]
[SourceDate "2002.05.23"]
[SourceVersion "1"]
[SourceVersionDate "2002.05.23"]
[SourceQuality "1"]

1. e4 c5 2. c3 d5 3. exd5 Qxd5 4. d4 Nf6 5. Nf3 Bg4 6. Be2 e6 7. h3 Bh5 8. 0-0 Nc6 9. a3 cxd4 10. cxd4 Be7 11. Nc3 Qd6 12. Be3 0-0 13. Qb3 Rfd8 14. Rfd1 a6 15. Qa2 Rac8 16. Rac1 b5 17. b4 Bg6 18. Rd2 Rd7 19. Ne1 Rdc7 20. Rcd1 Nxb4 21. Nxb5 axb5 22. axb4 Nd5 23. Bxb5 Nc3 24. Qa6 Qd5 25. Be2 Ra8 26. Qb6 Rb7 27. Bf3 Rxb6 28. Bxd5 Nxd5 29. Nd3 Bxd3 30. Rxd3 Rxb4 31. g4 h6 32. Kg2 Rab8 33. R1d2 Rb3 34. Kf3 Kh7 35. Ke2 Bg5 36. Kf3 Kg6 37. Ke4 Nf6+ 38. Kf3 Bxe3 39. Kxe3 Kg5 40. Kf3 Kh4 41. Kg2 Nd5 42. Rxb3 Rxb3 0-1